[Event "Baden ch-U14"]
[Site "Karlsruhe"]
[Date "2006.01.02"]
[Round "1.8"]
[White "Zrener, Christoph"]
[Black "Boernsen, Frederick"]
[Result "0-1"]
[WhiteElo "1123"]
[BlackElo "1467"]
[PlyCount "84"]
[EventDate "2006.01.02"]
[EventType "swiss"]
[EventRounds "7"]
[EventCountry "GER"]
[SourceTitle "EXT 2007"]
[Source "ChessBase"]
[SourceDate "2006.11.23"]
[SourceVersion "1"]
[SourceVersionDate "2006.11.23"]
[SourceQuality "1"]

1. d4 d5 2. Nf3 Nf6 3. Bf4 Bf5 4. e3 e6 5. c4 c5 6. Nc3 Nc6 7. cxd5 Nxd5 8. Nxd5 Qxd5 9. Bb5 cxd4 10. exd4 Qxb5 11. b3 Bb4+ 12. Bd2 Bxd2+ 13. Qxd2 Nb4 14. Rc1 Nd3+ 15. Kd1 Nxc1 16. Kxc1 Rc8+ 17. Kb2 Rc2+ 18. Qxc2 Bxc2 19. Kxc2 Qe2+ 20. Kb1 0-0 21. Rc1 Qxf2 22. Rc2 Qf1+ 23. Kb2 Qa6 24. Ne5 b6 25. Nc4 b5 26. Na3 Rc8 27. Rxc8+ Qxc8 28. Nxb5 Qd7 29. a4 a6 30. Nc3 Qxd4 31. Kc2 Kf8 32. Ne2 Qe4+ 33. Kd2 Qxg2 34. Ke3 Qxh2 35. Kd2 h5 36. Ke1 h4 37. Kf1 h3 38. Ng1 Qg2+ 39. Ke1 Qxg1+ 40. Ke2 h2 41. Kf3 h1R 42. Ke2 Qg3 0-1